| 000 | 00287 a2200097 4500 | ||
|---|---|---|---|
| 100 | 1 |
_aUvarenkov, I.M.. _eAutor |
|
| 700 | 1 |
_aMaller, M.. _eAutor |
|
| 245 | 0 |
_aVvedenie v analiz / _cUvarenkov I.M., Maller M.. |
|
| 710 | 2 |
_aUcpedgiz. _eWydawca _4pbl |
|
| 260 |
_aMoskva : _bUcpedgiz, _c1951. |
||
| 300 |
_a53 s.; _c24 cm. |
||
| 999 |
_c13329 _d13329 |
||